书目信息 |
| 题名: |
软土工程施工技术与环境保护
|
|
| 作者: | 杨林德 主编 | |
| 分册: | ||
| 出版信息: | 北京 人民交通出版社 2000 |
|
| 页数: | 250页 | |
| 开本: | 26cm | |
| 丛书名: | ||
| 单 册: | ||
| 中图分类: | TU471.8 | |
| 科图分类: | ||
| 主题词: | 软土地基--ruan tu di ji--工程施工--环境保护 , 软土地基--ruan tu di ji--地下工程--工程施工 , 软土地基--ruan tu di ji--工程施工--施工技术 | |
| 电子资源: | ||
| ISBN: | 7-114-03724-4 | |
| 000 | 00929nam0 2200265 450 | |
| 001 | CAL 012001110889 | |
| 005 | 20061123100946.17 | |
| 010 | @a7-114-03724-4@b精装@dCNY 28.00 | |
| 099 | @aCAL 012001110889 | |
| 100 | @a20010319d2000 emky0chiy0121 ea | |
| 101 | 0 | @achi |
| 102 | @aCN@b110000 | |
| 200 | 1 | @a软土工程施工技术与环境保护@Aruan tu gong cheng shi gong ji shu yu huan jing bao hu@e土木工程专业用@f杨林德主编 |
| 210 | @a北京@c人民交通出版社@d2000 | |
| 215 | @a250页@c图@d26cm | |
| 300 | @a上海市普通高校"九五"重点教材 | |
| 300 | @a世界银行贷款资助项目上海市教育委员会组编 | |
| 320 | @a有书目 (第250页) | |
| 606 | 0 | @a软土地基@Aruan tu di ji@x工程施工@x环境保护 |
| 606 | 0 | @a软土地基@Aruan tu di ji@x地下工程@x工程施工 |
| 606 | 0 | @a软土地基@Aruan tu di ji@x工程施工@x施工技术 |
| 690 | @aTU471.8@v4 | |
| 701 | 0 | @a杨林德@AYang Linde@c(同济大学)@4主编 |
| 801 | @aCN@c20061123 | |
| 905 | @apdsgxy@dTU471.8@eY220 | |
| 软土工程施工技术与环境保护:土木工程专业用/杨林德主编.-北京:人民交通出版社,2000 |
| 250页:图;26cm |
| 上海市普通高校"九五"重点教材.-世界银行贷款资助项目上海市教育委员会组编 |
| ISBN 7-114-03724-4(精装):CNY 28.00 |
| ● |
| 相关链接 |
|
|
|
正题名:软土工程施工技术与环境保护
索取号:TU471.8/Y220
 
预约/预借
| 序号 | 登录号 | 条形码 | 馆藏地/架位号 | 状态 | 备注 |
| 1 | 615299 | 206152991 | 建筑库101/101建筑库 97排4列1层/ [索取号:TU471.8/Y220] | 在馆 | |
| 2 | 615300 | 206153008 | 建筑库101/101建筑库 97排4列1层/ [索取号:TU471.8/Y220] | 在馆 | |
| 3 | 615301 | 206153017 | 建筑库101/101建筑库 97排4列1层/ [索取号:TU471.8/Y220] | 在馆 |